| Tag |
First Indicator |
Second Indicator |
Subfields |
| LEADER |
00000cam a2200000 i 4500 |
| 001 |
in00000340621 |
| 005 |
20151011052026.0 |
| 008 |
770317s1939 bl a 00010dpor d |
| 035 |
|
|
|a (OCoLC)02811902
|
| 035 |
|
|
|9 ABL1815AM
|
| 040 |
|
|
|a TXA
|c TXA
|d UtOrBLW
|
| 049 |
|
|
|a TXAM
|c [1239234]
|
| 090 |
|
|
|a TX415
|b .M33 1939
|
| 100 |
1 |
|
|a Magalhães, Basílio de,
|d 1874-1957.
|
| 245 |
1 |
2 |
|a O cafe :
|b na historia, no folclore e nas belas-artes /
|c Basilio de Magalhaes.
|
| 250 |
|
|
|a 2. ed. aumentada e melhorada.
|
| 264 |
|
1 |
|a Sao Paulo :
|b Companhia Editora National,
|c 1939.
|
| 300 |
|
|
|a 387 pages :
|b illustrations ;
|c 19 cm.
|
| 336 |
|
|
|a text
|b txt
|2 rdacontent
|
| 337 |
|
|
|a unmediated
|b n
|2 rdamedia
|
| 338 |
|
|
|a volume
|b nc
|2 rdacarrier
|
| 490 |
1 |
|
|a Biblioteca pedagogica Brasileira ; ser. 5.a : Brasiliana ; vol. 174
|
| 600 |
1 |
0 |
|a Melo Palheta, Francisco de,
|d 1670?-
|
| 650 |
|
0 |
|a Coffee.
|
| 650 |
|
0 |
|a Coffee industry
|z Brazil.
|
| 650 |
|
0 |
|a Legends.
|
| 830 |
|
0 |
|a Biblioteca pedagógica brasileira.
|n Série 5a.,
|p Brasiliana ;
|v v. 174.
|
| 999 |
|
|
|a MARS
|
| 999 |
f |
f |
|s 74c0cbec-1c0c-3ed1-a369-6596c2f49a40
|i 74d59cf7-11b5-3d74-941d-2c84c3da0e15
|t 0
|
| 952 |
f |
f |
|p ric
|a Texas A&M University
|b Rellis Campus
|c Joint Library Facility
|d Remote Storage
|t 0
|e TX415 .M33 1939
|h Library of Congress classification
|i unmediated -- volume
|m A14805673279
|
| 998 |
f |
f |
|a TX415 .M33 1939
|t 0
|l Remote Storage
|